| 000 | 00779nam a22002297a 4500 | ||
|---|---|---|---|
| 003 | OSt | ||
| 005 | 20231004072647.0 | ||
| 008 | 221006b |||||||| |||| 00| 0 eng d | ||
| 040 | _cLado V | ||
| 082 |
_a702.814 _bR696p |
||
| 100 |
_91105 _aRodriguez del Paso, Joaquín _eautor |
||
| 245 | _aPostNatural/ | ||
| 260 |
_bMuseo de Arte Costarricense _c2003 _aCosta Rica |
||
| 300 |
_c21x22cm _a6p. |
||
| 366 | _espa | ||
| 650 |
_2Tesauro de Arte & Arquitectura _aARTE _9703 |
||
| 650 |
_2Tesauro de Arte & Arquitectura _aCOLECCION _9702 |
||
| 650 |
_2Tesauro de Arte & Arquitectura _aEXHIBICION _9703 |
||
| 650 |
_2Tesauro de Arte & Arquitectura _aINSTALACIÓN _9702 |
||
| 650 |
_2Tesauro de Arte & Arquitectura _aMONTAJE |
||
| 942 |
_2ddc _c1 _h702.814 _iR696p _n0 |
||
| 999 |
_c4395 _d4395 |
||